书目信息 |
| 题名: |
动力学
|
|
| 作者: | 希伯勒 著 ;李俊峰 , 袁长清 , 吕敬 译 | |
| 分册: | ||
| 出版信息: | 北京 机械工业出版社 2017.6 |
|
| 页数: | 13,567页 | |
| 开本: | 24cm | |
| 丛书名: | ||
| 单 册: | ||
| 中图分类: | O313 | |
| 科图分类: | ||
| 主题词: | 动力学--高等学校--教材 | |
| 电子资源: | ||
| ISBN: | 978-7-111-49048-7 | |
| 000 | 01074nam0 2200325 450 | |
| 001 | 0400004128 | |
| 005 | 20171023140514.0 | |
| 010 | @a978-7-111-49048-7@dCNY79.00 | |
| 100 | @a20171023d2017 em y0chiy ea | |
| 101 | 1 | @achi@ceng |
| 102 | @aCN@b110000 | |
| 105 | @aa z 000yy | |
| 106 | @ar | |
| 200 | 1 | @a动力学@9dong li xue@e翻译版@f(美)R.C. 希伯勒(R.C. Hibbeler)著@g李俊峰, 袁长清, 吕敬译 |
| 210 | @a北京@c机械工业出版社@d2017.6 | |
| 215 | @a13,567页@c图@d24cm | |
| 300 | @a时代教育·国外高校优秀教材精选 | |
| 305 | @a据原书第12版译出 | |
| 306 | @a本书限中国大陆发行 | |
| 312 | @a封面英文题名:Dynamics | |
| 330 | @a本书共11章,包括质点运动学,质点动力学,刚体平面运动的动力学,刚体的空间运动学,刚体的空间动力学和振动。 | |
| 510 | 1 | @aDynamics@zeng |
| 606 | 0 | @a动力学@x高等学校@j教材 |
| 690 | @aO313@v5 | |
| 701 | 1 | @c(美)@a希伯勒@9xi bo le@g(Hibbeler, R. C.)@4著 |
| 702 | 0 | @a李俊峰@9li jun feng@4译 |
| 702 | 0 | @a袁长清@9yuan chang qing@4译 |
| 702 | 0 | @a吕敬@9lv jing@4译 |
| 801 | 0 | @aCN@b91MARC@c20171023 |
| 905 | @b1037055-9@dO313@f5@e6 | |
| 动力学:翻译版/(美)R.C. 希伯勒(R.C. Hibbeler)著/李俊峰, 袁长清, 吕敬译.-北京:机械工业出版社,2017.6 |
| 13,567页:图;24cm |
| 时代教育·国外高校优秀教材精选 |
| ISBN 978-7-111-49048-7:CNY79.00 |
| 本书共11章,包括质点运动学,质点动力学,刚体平面运动的动力学,刚体的空间运动学,刚体的空间动力学和振动。 |
| ● |
| 相关链接 |
|
|
|
|
正题名:动力学
索取号:O313/6
 
预约/预借
| 序号 | 登录号 | 条形码 | 馆藏地/架位号 | 状态 | 备注 |
| 1 | 1037055 | 210370551 | 第二样本阅览室/ [索取号:O313/6] | 在馆 | |
| 2 | 1037056 | 210370560 | 密集书库-数信学院/ [索取号:O313/6] | 在馆 | |
| 3 | 1037057 | 210370579 | 第三借阅区/ [索取号:O313/6] | 在馆 | |
| 4 | 1037058 | 210370588 | 第三借阅区/ [索取号:O313/6] | 在馆 | |
| 5 | 1037059 | 210370597 | 第三借阅区/ [索取号:O313/6] | 在馆 |